000 01149nam a22002411 4500
001 1222481
003 OSt
005 20210812103703.0
008 720420s1961 njua 000 0 eng
040 _aDLC
_cCO-JMCR
041 0 _aeng
082 0 4 _a332.0973 /
_bC655m
_223
110 2 _aCommission on Money and Credit.
_eauthor
_939315
245 1 0 _aMoney and credit: their influence on jobs, prices, and growth /
_cCommission on Money and Credit.
260 _aEnglewood Cliffs, N.J., :
_bPrentice-Hall,
_c1961.
300 _axiv, 285 pages :
_bblack and white illustrations and graphics ;
_c21 cm.
500 _aIncludes table indexes.
505 _aNational economic goals. -- Monetary policy. -- The public debt. -- Fiscal policy. -- Private financial institutions. -- Federal credit programs. -- Federal credit programs. -- International monetary relations. -- The choice and combination of policy instruments. -- Organization and coordination for national economic goals.
650 1 4 _aCurrency question
_zUnited States.
_939316
650 2 4 _aFinance
_zUnited States.
_938814
650 2 4 _aCredit
_zUnited States.
_939317
942 _2ddc
_cBK
999 _c12169
_d12169